000 00494nam a2200181Ia 4500
008 090124s9999 xx 000 0 und d
082 _b28807
_a2784
100 _aमाडगूळकर ग.दि.
245 _a चैत्रबन
250 _a1
260 _c1961
300 _a336
600 _aमाडगूळकर ग.दि.
630 _a चैत्रबन
700 _aमाडगूळकर ग.दि.
730 _a चैत्रबन
942 _cBOOK
999 _c142261
_d142261